| 000 | 00714nam a2200229 i 4500 | ||
|---|---|---|---|
| 001 | bg | ||
| 245 | 0 | 0 |
_aSzkice ze współczesnej teorii ekonomii / _cpod red. nauk. Wojciecha Pacho. |
| 260 |
_aWarszawa : _bSzkoła Główna Handlowa - Oficyna Wydawnicza, _c2005. |
||
| 300 |
_a217 s. : _bwykr. ; _c24 cm. |
||
| 504 | _aBibliogr. | ||
| 650 | 9 |
_aEkonomia _xteoria |
|
| 655 | _aSzkice literackie | ||
| 700 | 1 |
_aPACHO, Wojciech. _eRed. |
|
| 020 | _a8373781676 | ||
| 040 | _cBPK | ||
| 041 | 0 | _apol | |
| 080 | _a330.8 | ||
| 920 | _a83-7378-167-6 | ||
| 942 | _cKS | ||
| 008 | s pl f |000 0 pol | ||
| 999 |
_c46822 _d46822 |
||
| 856 |
_uhttp://koha.tu.koszalin.pl/cgi-bin/koha/opac-detail.pl?biblionumber=46822 _yKatalog online BPK |
||